000 01735nam2a2200313 4500
001 rc\3059845
005 20111012154751.8
035 _a(NLR Aleph) 007198641
090 _a13627023
_c13627023
100 _a20111012d1944 |||y0rusy50 ca
101 0 _arus
102 _aRU
105 _aa z |||||
200 1 _aРегенерация отработанных масел в трамвайных предприятиях
210 _d1944
215 _a20 с.
_cчерт.
_d22 см
300 _aНа обороте тит. л.: "Техн. указания ... разработаны бригадой ВНИТО гор. электротранспорта в составе инженеров: Анянц Л.С., Блидченко И.Ф., Божедомова Г.Т. и др."
300 _aБез обл.
461 0 _1001rc\3053223
_12001#$aРационализация смазочного хозяйства в предприятиях городского электротранспорта$e(Тех. указания)$fГл. упр. трамваев и троллейбусов Наркомхоза. РСФСР и ВНИТО гор. электротранспорта$vВып. 5
702 1 _aАнянц
_bЛ. С.
_4570
702 1 _aБлидченко
_bИ. Ф.
_4570
702 1 _aБожедомов
_bГ. Т.
_4570
712 0 1 _aРСФСР
_bГлавное управление трамваев и троллейбусов
_4570
712 0 2 _aВсесоюзное научное инженерно-техническое общество городского электротранспорта
_4570
801 0 _aRU
_bNLR
_gpsbo
801 1 _aRU
_bELAR
_2rusmarc
852 _aNLR
_jТ86 Г-6/80
942 _cBOOK
980 _aNB